Best Dunker From Each NBA Team - Statistics

General Stats
  • This quiz has been taken 458 times
  • The average score is 9 of 30
Answer Stats
Team Player % Correct
Miami Heat LeBron James
81%
Houston Rockets James Harden
74%
Washington Wizards John Wall
59%
Oklahoma City Thunder Russell Westbrook
59%
Los Angeles Clippers Blake Griffin
54%
Dallas Mavericks Vince Carter
52%
Chicago Bulls Derrick Rose
49%
Los Angeles Lakers Dwight Howard
46%
Boston Celtics Jeff Green
39%
Toronto Raptors DeMar DeRozan
37%
Indiana Pacers Gerald Green
37%
Atlanta Hawks Josh Smith
36%
Cleveland Cavaliers Alonzo Gee
35%
New York Knicks J.R. Smith
35%
San Antonio Spurs Kawhi Leonard
33%
Sacramento Kings DeMarcus Cousins
26%
Denver Nuggets Andre Iguodala
22%
New Orleans Hornets Eric Gordon
22%
Detroit Pistons Andre Drummond
21%
Brooklyn Nets Gerald Wallace
17%
Memphis Grizzlies Rudy Gay
17%
Milwaukee Bucks Monta Ellis
14%
Phoenix Suns Shannon Brown
14%
Philadelphia 76ers Jason Richardson
13%
Orlando Magic Maurice Harkless
13%
Charlotte Bobcats Jeff Taylor
12%
Golden State Warriors Harrison Barnes
9%
Utah Jazz Jeremy Evans
8%
Portland Trail Blazers Nicolas Batum
6%
Minnesota Timberwolves Chase Budinger
0%
No matching quizzes found
Score Distribution
Percent of People with Each Score
Percentile by Number Answered
Your Score History
You have not taken this quiz